[Event "Greek Team Championship"]
[Site "chess24.com"]
[Date "2017.07.04"]
[Round "3"]
[White "Filippas, Sebastian"]
[Black "Hristodoulou, Panagiotis"]
[Result "1/2-1/2"]
[Board "3"]
[WhiteElo "2268"]
[WhiteCountry "GRE"]
[WhiteFideId "4214862"]
[BlackElo "2261"]
[BlackTitle "FM"]
[BlackCountry "GRE"]
[BlackFideId "4214340"]

1. d4 {[%clk 1:30:30]} d5 {[%clk 1:27:40]} 2. Nf3 {[%clk 1:30:49]} Nf6 {[%clk
1:28:03]} 3. c4 {[%clk 1:31:07]} c6 {[%clk 1:28:12]} 4. e3 {[%clk 1:31:28]} Bg4
{[%clk 1:28:19]} 5. Nc3 {[%clk 1:31:32]} e6 {[%clk 1:28:38]} 6. h3 {[%clk
1:31:22]} Bxf3 {[%clk 1:28:54]} 7. Qxf3 {[%clk 1:31:31]} Nbd7 {[%clk 1:29:08]} 8.
Bd3 {[%clk 1:28:17]} Bd6 {[%clk 1:29:16]} 9. O-O {[%clk 1:28:28]} O-O {[%clk
1:29:36]} 10. e4 {[%clk 1:24:34]} e5 {[%clk 1:25:55]} 11. exd5 {[%clk 1:20:50]}
exd4 {[%clk 1:25:46]} 12. Ne4 {[%clk 1:21:06]} Ne5 {[%clk 1:25:44]} 13. Nxf6+
{[%clk 1:21:30]} Qxf6 {[%clk 1:25:59]} 14. Qxf6 {[%clk 1:21:38]} gxf6 {[%clk
1:26:23]} 15. Rd1 {[%clk 1:15:45]} cxd5 {[%clk 0:57:25]} 16. cxd5 {[%clk
1:16:00]} Rfd8 {[%clk 0:57:27]} 17. Be4 {[%clk 0:59:48]} Bc5 {[%clk 0:50:53]} 18.
Bf4 {[%clk 0:39:31]} a5 {[%clk 0:44:29]} 19. Kf1 {[%clk 0:39:08]} Rd7 {[%clk
0:44:18]} 20. Rac1 {[%clk 0:39:08]} b6 {[%clk 0:44:18]} 21. h4 {[%clk 0:17:50]}
Re8 {[%clk 0:34:45]} 22. Re1 {[%clk 0:15:29]} Rde7 {[%clk 0:31:09]} 23. Bg3
{[%clk 0:02:41]} Kg7 {[%clk 0:18:51]} 24. Bf5 {[%clk 0:01:47]} Rd8 {[%clk
0:15:54]} 25. f4 {[%clk 0:01:15]} Ng6 {[%clk 0:16:13]} 26. Be4 {[%clk 0:00:39]}
Bd6 {[%clk 0:08:43]} 27. Bxg6 {[%clk 0:00:38]} hxg6 {[%clk 0:08:22]} 28. Rc6
{[%clk 0:00:35]} Rxe1+ {[%clk 0:08:30]} 29. Bxe1 {[%clk 0:00:54]} Bxf4 {[%clk
0:08:35]} 30. Rxb6 {[%clk 0:01:17]} Rxd5 {[%clk 0:09:01]} 31. g3 {[%clk 0:01:04]}
Bc1 {[%clk 0:06:33]} 32. Ra6 {[%clk 0:01:06]} Bxb2 {[%clk 0:05:06]} 33. Rxa5
{[%clk 0:01:32]} Rxa5 {[%clk 0:04:23]} 34. Bxa5 {[%clk 0:01:57]} Ba3 {[%clk
0:02:23]} 35. Bb6 {[%clk 0:02:12]} d3 {[%clk 0:01:56]} 36. Kf2 {[%clk 0:02:30]}
f5 {[%clk 0:00:54]} 37. Ke3 {[%clk 0:01:36]} Kh6 {[%clk 0:00:43]} 1/2-1/2

[Event "Greek Team Championship"]
[Site "chess24.com"]
[Date "2017.07.04"]
[Round "3"]
[White "Michna, Marta"]
[Black "Goczo, Melinda"]
[Result "1-0"]
[Board "5"]
[WhiteElo "2372"]
[WhiteTitle "WGM"]
[WhiteCountry "GER"]
[WhiteFideId "1106686"]
[WhiteEloChange "5"]
[BlackElo "2189"]
[BlackTitle "WIM"]
[BlackCountry "HUN"]
[BlackFideId "711985"]
[BlackEloChange "-5"]

1. Nf3 {[%clk 1:30:53]} d5 {[%clk 1:30:43]} 2. d3 {[%clk 1:25:57]} g6 {[%clk
1:25:35]} 3. Nbd2 {[%clk 1:26:20]} Bg7 {[%clk 1:25:24]} 4. e4 {[%clk 1:26:46]} e5
{[%clk 1:15:20]} 5. g3 {[%clk 1:26:29]} Ne7 {[%clk 1:15:24]} 6. Bg2 {[%clk
1:26:49]} O-O {[%clk 1:15:11]} 7. O-O {[%clk 1:27:14]} c5 {[%clk 0:58:32]} 8. c3
{[%clk 1:16:26]} Nbc6 {[%clk 0:58:30]} 9. Re1 {[%clk 1:10:42]} Rb8 {[%clk
0:46:58]} 10. exd5 {[%clk 1:10:27]} Nxd5 {[%clk 0:47:17]} 11. Nc4 {[%clk
1:09:22]} Re8 {[%clk 0:42:03]} 12. a4 {[%clk 1:08:01]} h6 {[%clk 0:38:23]} 13.
Nfd2 {[%clk 1:03:20]} Be6 {[%clk 0:31:45]} 14. Nf3 {[%clk 0:53:26]} Qc7 {[%clk
0:28:28]} 15. Qe2 {[%clk 0:52:31]} Rbd8 {[%clk 0:21:12]} 16. Nfd2 {[%clk
0:49:18]} f5 {[%clk 0:20:41]} 17. a5 {[%clk 0:40:33]} Bf7 {[%clk 0:20:35]} 18.
Ra3 {[%clk 0:35:36]} Bf8 {[%clk 0:20:12]} 19. Qd1 {[%clk 0:35:17]} e4 {[%clk
0:07:44]} 20. dxe4 {[%clk 0:32:41]} Ndb4 {[%clk 0:08:07]} 21. Qa4 {[%clk
0:27:19]} Nd3 {[%clk 0:07:53]} 22. Rf1 {[%clk 0:25:57]} f4 {[%clk 0:06:23]} 23.
e5 {[%clk 0:17:17]} Nxc1 {[%clk 0:03:21]} 24. Rxc1 {[%clk 0:17:39]} Nxe5 {[%clk
0:03:42]} 25. Nxe5 {[%clk 0:17:39]} Rxe5 {[%clk 0:03:12]} 26. Nc4 {[%clk
0:15:31]} Re2 {[%clk 0:02:11]} 27. Bf3 {[%clk 0:14:36]} Ree8 {[%clk 0:01:38]} 28.
Raa1 {[%clk 0:13:26]} Rd3 {[%clk 0:01:19]} 29. Bg2 {[%clk 0:13:14]} f3 {[%clk
0:00:45]} 30. Bf1 {[%clk 0:13:38]} Rdd8 {[%clk 0:00:36]} 31. Re1 {[%clk 0:12:05]}
Bg7 {[%clk 0:00:42]} 32. Rad1 {[%clk 0:10:12]} Rxe1 {[%clk 0:00:50]} 33. Rxe1
{[%clk 0:10:38]} h5 {[%clk 0:01:17]} 34. Re3 {[%clk 0:09:25]} Bd5 {[%clk
0:01:23]} 35. Re8+ {[%clk 0:09:13]} Kf7 {[%clk 0:00:35]} 36. Rxd8 {[%clk
0:09:18]} Qxd8 {[%clk 0:01:01]} 37. Ne3 {[%clk 0:09:13]} Be6 {[%clk 0:00:46]} 38.
Qe4 {[%clk 0:09:25]} Qxa5 {[%clk 0:00:35]} 39. Qxf3+ {[%clk 0:07:47]} Kg8 {[%clk
0:00:55]} 40. Qxb7 {[%clk 0:38:07]} Qa1 {[%clk 0:30:55]} 41. h4 {[%clk 0:31:39]}
Bh3 {[%clk 0:24:58]} 42. Qb5 {[%clk 0:24:49]} Kh7 {[%clk 0:21:25]} 43. Kh2 {[%clk
0:19:58]} Be6 {[%clk 0:14:42]} 44. Bc4 {[%clk 0:13:17]} Bh3 {[%clk 0:09:43]} 45.
Bd5 {[%clk 0:10:05]} Qe1 {[%clk 0:04:43]} 46. Kxh3 {[%clk 0:10:08]} Qxf2 {[%clk
0:05:08]} 47. Qd3 {[%clk 0:08:59]} Be5 {[%clk 0:04:46]} 48. Nd1 {[%clk 0:08:02]}
Qe1 {[%clk 0:04:46]} 49. Kg2 {[%clk 0:06:45]} Bxg3 {[%clk 0:04:17]} 50. Qxg3
{[%clk 0:07:08]} Qd2+ {[%clk 0:04:42]} 51. Nf2 {[%clk 0:07:17]} Qxd5+ {[%clk
0:05:02]} 52. Qf3 {[%clk 0:07:31]} Qb3 {[%clk 0:03:14]} 53. Qe2 {[%clk 0:07:29]}
Qd5+ {[%clk 0:03:24]} 54. Qe4 {[%clk 0:07:57]} 1-0

[Event "Greek Team Championship"]
[Site "chess24.com"]
[Date "2017.07.04"]
[Round "3"]
[White "Serpetsidaki, Eva"]
[Black "Papathanasiou, Elisavet"]
[Result "0-1"]
[Board "6"]
[WhiteElo "1623"]
[WhiteCountry "GRE"]
[WhiteFideId "4248902"]
[WhiteEloChange "-3"]
[BlackElo "1927"]
[BlackCountry "GRE"]
[BlackFideId "4222687"]
[BlackEloChange "3"]

1. e4 {[%clk 1:30:27]} c5 {[%clk 1:30:56]} 2. Nf3 {[%clk 1:30:51]} Nc6 {[%clk
1:31:22]} 3. Bb5 {[%clk 1:31:15]} g6 {[%clk 1:31:45]} 4. O-O {[%clk 1:31:26]} Bg7
{[%clk 1:32:10]} 5. c3 {[%clk 1:31:48]} Nf6 {[%clk 1:32:29]} 6. Re1 {[%clk
1:32:12]} O-O {[%clk 1:32:47]} 7. h3 {[%clk 1:32:25]} Qb6 {[%clk 1:29:34]} 8.
Bxc6 {[%clk 1:27:31]} Qxc6 {[%clk 1:28:49]} 9. e5 {[%clk 1:23:28]} Nd5 {[%clk
1:29:07]} 10. d4 {[%clk 1:23:44]} cxd4 {[%clk 1:23:12]} 11. cxd4 {[%clk 1:24:04]}
d6 {[%clk 1:22:27]} 12. Nbd2 {[%clk 1:23:50]} Nb4 {[%clk 1:16:43]} 13. Re3 {[%clk
1:15:10]} Nd5 {[%clk 1:14:25]} 14. Re2 {[%clk 1:13:36]} Bf5 {[%clk 1:13:04]} 15.
Nf1 {[%clk 1:09:17]} Nb4 {[%clk 1:08:39]} 16. Ng3 {[%clk 0:58:55]} Bd3 {[%clk
0:55:06]} 17. Rd2 {[%clk 0:56:07]} Bc2 {[%clk 0:52:34]} 18. Qe2 {[%clk 0:54:51]}
Bh6 {[%clk 0:50:37]} 19. a3 {[%clk 0:48:14]} Bxd2 {[%clk 0:48:09]} 20. axb4
{[%clk 0:48:36]} Bxb4 {[%clk 0:41:30]} 21. Bh6 {[%clk 0:48:49]} Rfc8 {[%clk
0:41:12]} 22. Rc1 {[%clk 0:48:05]} Qc4 {[%clk 0:39:12]} 23. Qe3 {[%clk 0:44:30]}
Qb3 {[%clk 0:38:56]} 24. Qg5 {[%clk 0:43:53]} dxe5 {[%clk 0:37:54]} 25. Qxe5
{[%clk 0:41:09]} f6 {[%clk 0:38:06]} 26. Qe2 {[%clk 0:41:04]} Bd3 {[%clk
0:36:51]} 27. Rxc8+ {[%clk 0:40:47]} Rxc8 {[%clk 0:37:19]} 28. Qe3 {[%clk
0:40:28]} Bc4 {[%clk 0:33:50]} 29. Qe4 {[%clk 0:40:36]} Bd5 {[%clk 0:34:05]} 30.
Qg4 {[%clk 0:40:35]} Rd8 {[%clk 0:30:37]} 31. Nh4 {[%clk 0:38:02]} Qxb2 {[%clk
0:28:25]} 32. Ngf5 {[%clk 0:33:21]} Kf7 {[%clk 0:27:04]} 33. Ne3 {[%clk 0:32:44]}
Be6 {[%clk 0:26:28]} 34. Qg3 {[%clk 0:28:45]} Bd6 {[%clk 0:25:04]} 35. Qf3 {[%clk
0:27:47]} Qb1+ {[%clk 0:25:11]} 36. Qd1 {[%clk 0:27:22]} Qxd1+ {[%clk 0:25:31]}
37. Nxd1 {[%clk 0:27:45]} g5 {[%clk 0:25:52]} 0-1

[Event "Greek Team Championship"]
[Site "chess24.com"]
[Date "2017.07.04"]
[Round "3"]
[White "Skiadopoulou, Afroditi-Lelouda"]
[Black "Vitsaxaki, Iris"]
[Result "1-0"]
[Board "7"]
[WhiteElo "1469"]
[WhiteCountry "GRE"]
[WhiteFideId "4290712"]
[WhiteEloChange "9"]
[BlackElo "1419"]
[BlackCountry "GRE"]
[BlackFideId "4249070"]
[BlackEloChange "-9"]

1. e4 {[%clk 1:30:57]} e5 {[%clk 1:30:52]} 2. Nf3 {[%clk 1:31:23]} Nf6 {[%clk
1:31:10]} 3. Nxe5 {[%clk 1:31:42]} d6 {[%clk 1:31:28]} 4. Nf3 {[%clk 1:31:47]}
Nxe4 {[%clk 1:31:43]} 5. d4 {[%clk 1:31:21]} d5 {[%clk 1:31:35]} 6. Bd3 {[%clk
1:31:43]} Bg4 {[%clk 1:26:20]} 7. c3 {[%clk 1:30:43]} Nc6 {[%clk 1:23:53]} 8. O-O
{[%clk 1:30:28]} Be7 {[%clk 1:23:54]} 9. Re1 {[%clk 1:30:38]} f5 {[%clk 1:24:06]}
10. h3 {[%clk 1:30:44]} Bh5 {[%clk 1:19:24]} 11. Nbd2 {[%clk 1:18:42]} O-O {[%clk
1:10:21]} 12. Qb3 {[%clk 1:18:16]} Na5 {[%clk 1:05:56]} 13. Qa4 {[%clk 1:17:26]}
c6 {[%clk 1:05:19]} 14. Ne5 {[%clk 1:05:11]} Bh4 {[%clk 0:48:34]} 15. Rf1 {[%clk
1:00:55]} b5 {[%clk 0:29:00]} 16. Qc2 {[%clk 1:00:54]} Qd6 {[%clk 0:28:29]} 17.
Ndf3 {[%clk 0:50:18]} Bf6 {[%clk 0:26:43]} 18. Bf4 {[%clk 0:44:26]} Qe6 {[%clk
0:23:17]} 19. b3 {[%clk 0:36:19]} Rac8 {[%clk 0:20:29]} 20. Rac1 {[%clk 0:19:34]}
Rfd8 {[%clk 0:19:07]} 21. Qb2 {[%clk 0:18:27]} Qe7 {[%clk 0:17:36]} 22. Nd2
{[%clk 0:15:48]} a6 {[%clk 0:15:33]} 23. f3 {[%clk 0:14:30]} Nxd2 {[%clk
0:15:59]} 24. Qxd2 {[%clk 0:14:54]} Bxe5 {[%clk 0:15:28]} 25. Bxe5 {[%clk
0:14:16]} Rf8 {[%clk 0:15:31]} 26. Rce1 {[%clk 0:12:39]} Qd7 {[%clk 0:15:35]} 27.
Qg5 {[%clk 0:11:48]} Bg6 {[%clk 0:12:20]} 28. h4 {[%clk 0:11:29]} Qd8 {[%clk
0:12:22]} 29. Qg3 {[%clk 0:10:55]} Qd7 {[%clk 0:10:10]} 30. Qg5 {[%clk 0:09:58]}
Qd8 {[%clk 0:10:16]} 31. Qg3 {[%clk 0:10:18]} Qd7 {[%clk 0:10:40]} 32. Kf2 {[%clk
0:09:59]} f4 {[%clk 0:09:25]} 33. Bxf4 {[%clk 0:07:29]} Bxd3 {[%clk 0:09:50]} 34.
Rh1 {[%clk 0:07:28]} Rf7 {[%clk 0:07:37]} 35. Re3 {[%clk 0:07:05]} Bf5 {[%clk
0:05:47]} 36. Rhe1 {[%clk 0:06:16]} Nb7 {[%clk 0:04:48]} 37. Bg5 {[%clk 0:04:56]}
c5 {[%clk 0:01:03]} 38. Re7 {[%clk 0:02:39]} Rxe7 {[%clk 0:00:46]} 39. Rxe7
{[%clk 0:03:03]} Qc6 {[%clk 0:01:01]} 40. Qe5 {[%clk 0:33:26]} Qg6 {[%clk
0:30:38]} 41. Qxd5+ {[%clk 0:31:32]} Kf8 {[%clk 0:26:37]} 42. Rxb7 {[%clk
0:27:00]} Be6 {[%clk 0:20:57]} 43. Qd6+ {[%clk 0:26:05]} Kg8 {[%clk 0:21:05]} 44.
dxc5 {[%clk 0:18:39]} h6 {[%clk 0:18:10]} 45. Bf4 {[%clk 0:15:50]} Qf5 {[%clk
0:17:46]} 46. Qd4 {[%clk 0:09:45]} Qf8 {[%clk 0:16:52]} 47. Bd6 {[%clk 0:08:52]}
Qf6 {[%clk 0:16:58]} 48. Be5 {[%clk 0:08:41]} Qf5 {[%clk 0:17:03]} 49. Rxg7+
{[%clk 0:08:38]} Kf8 {[%clk 0:17:17]} 50. Qd6+ {[%clk 0:09:01]} 1-0

[Event "Greek Team Championship"]
[Site "chess24.com"]
[Date "2017.07.04"]
[Round "3"]
[White "Kadianis, Georgios"]
[Black "Lentzos, Ioanis"]
[Result "1/2-1/2"]
[Board "8"]
[WhiteElo "1980"]
[WhiteCountry "GRE"]
[WhiteFideId "4264681"]
[WhiteEloChange "2"]
[BlackElo "2038"]
[BlackCountry "GRE"]
[BlackFideId "4255470"]
[BlackEloChange "-2"]

1. e4 {[%clk 1:30:57]} c5 {[%clk 1:30:56]} 2. Nf3 {[%clk 1:31:23]} e6 {[%clk
1:31:21]} 3. d4 {[%clk 1:31:48]} cxd4 {[%clk 1:31:47]} 4. Nxd4 {[%clk 1:32:11]}
Nc6 {[%clk 1:32:11]} 5. f4 {[%clk 1:32:25]} a6 {[%clk 1:32:15]} 6. Nc3 {[%clk
1:31:32]} Qc7 {[%clk 1:32:37]} 7. Be3 {[%clk 1:31:32]} Bb4 {[%clk 1:26:38]} 8.
Bd3 {[%clk 1:29:00]} Nf6 {[%clk 1:24:59]} 9. Nb3 {[%clk 1:25:55]} d5 {[%clk
1:20:47]} 10. e5 {[%clk 1:25:17]} d4 {[%clk 1:11:03]} 11. exf6 {[%clk 1:14:30]}
dxc3 {[%clk 1:08:22]} 12. O-O {[%clk 1:14:12]} cxb2 {[%clk 0:51:06]} 13. Rb1
{[%clk 1:14:33]} gxf6 {[%clk 0:40:55]} 14. Nd2 {[%clk 1:13:19]} Qe7 {[%clk
0:37:02]} 15. Rxb2 {[%clk 1:06:28]} Bc5 {[%clk 0:29:49]} 16. Bxc5 {[%clk
1:03:54]} Qxc5+ {[%clk 0:30:16]} 17. Kh1 {[%clk 1:04:19]} Rb8 {[%clk 0:24:09]}
18. Ne4 {[%clk 1:00:26]} Qe7 {[%clk 0:24:07]} 19. Qh5 {[%clk 0:59:07]} f5 {[%clk
0:21:05]} 20. Ng5 {[%clk 0:56:57]} h6 {[%clk 0:21:28]} 21. Rbb1 {[%clk 0:55:46]}
Qf6 {[%clk 0:20:56]} 22. Nh3 {[%clk 0:50:32]} b5 {[%clk 0:19:12]} 23. Rf3 {[%clk
0:40:20]} Bb7 {[%clk 0:16:10]} 24. Rg3 {[%clk 0:40:00]} Rd8 {[%clk 0:12:10]} 25.
Re1 {[%clk 0:38:08]} Kf8 {[%clk 0:11:38]} 26. Qf3 {[%clk 0:36:07]} Na5 {[%clk
0:07:04]} 27. Qf2 {[%clk 0:35:13]} Qd4 {[%clk 0:07:26]} 28. Qe2 {[%clk 0:33:26]}
Rg8 {[%clk 0:07:04]} 29. Qd2 {[%clk 0:26:48]} Rxg3 {[%clk 0:05:46]} 30. hxg3
{[%clk 0:27:10]} Nc4 {[%clk 0:06:03]} 31. Qb4+ {[%clk 0:27:16]} Qd6 {[%clk
0:06:29]} 32. Qc3 {[%clk 0:27:15]} Qd4 {[%clk 0:06:50]} 33. Qb4+ {[%clk 0:27:40]}
Qd6 {[%clk 0:06:37]} 34. Qc3 {[%clk 0:28:01]} Qc6 {[%clk 0:05:19]} 35. Re2 {[%clk
0:27:46]} Nd6 {[%clk 0:04:02]} 36. Qf6 {[%clk 0:27:44]} Ke8 {[%clk 0:03:46]} 37.
Qxh6 {[%clk 0:25:08]} Ne4 {[%clk 0:02:19]} 38. Kh2 {[%clk 0:17:33]} Qc3 {[%clk
0:02:26]} 39. Qh7 {[%clk 0:06:03]} Ke7 {[%clk 0:01:28]} 40. Qh4+ {[%clk 0:36:10]}
Kd7 {[%clk 0:30:49]} 41. Qh5 {[%clk 0:32:35]} Ke7 {[%clk 0:24:23]} 42. Qh4+
{[%clk 0:29:01]} Qf6 {[%clk 0:23:10]} 43. Qxf6+ {[%clk 0:28:31]} Kxf6 {[%clk
0:23:23]} 44. a3 {[%clk 0:26:15]} Nc5 {[%clk 0:20:48]} 45. Nf2 {[%clk 0:25:10]}
Rd4 {[%clk 0:19:24]} 46. Re5 {[%clk 0:24:34]} Bd5 {[%clk 0:13:45]} 47. Re3 {[%clk
0:22:05]} Nxd3 {[%clk 0:11:51]} 48. Nxd3 {[%clk 0:21:34]} Rc4 {[%clk 0:11:14]}
49. Nb4 {[%clk 0:19:39]} Be4 {[%clk 0:11:08]} 50. Nxa6 {[%clk 0:14:44]} Rxc2
{[%clk 0:11:31]} 51. Rb3 {[%clk 0:14:10]} Rxg2+ {[%clk 0:11:00]} 52. Kh3 {[%clk
0:14:27]} Rc2 {[%clk 0:08:08]} 53. g4 {[%clk 0:11:03]} fxg4+ {[%clk 0:07:15]} 54.
Kxg4 {[%clk 0:11:05]} Rg2+ {[%clk 0:06:33]} 55. Kh3 {[%clk 0:10:38]} Kf5 {[%clk
0:05:30]} 56. Nc5 {[%clk 0:08:55]} Bd5 {[%clk 0:05:26]} 57. Rxb5 {[%clk 0:08:52]}
Kxf4 {[%clk 0:03:37]} 58. Nd3+ {[%clk 0:07:38]} Ke3 {[%clk 0:03:59]} 59. Ne5
{[%clk 0:04:29]} Rg5 {[%clk 0:03:49]} 60. Ng4+ {[%clk 0:03:06]} Kf4 {[%clk
0:03:52]} 61. Rb4+ {[%clk 0:03:27]} Be4 {[%clk 0:04:09]} 62. Nf6 {[%clk 0:02:43]}
Rg3+ {[%clk 0:03:43]} 63. Kh2 {[%clk 0:02:13]} Re3 {[%clk 0:03:44]} 64. a4 {[%clk
0:02:02]} Kf5 {[%clk 0:02:22]} 65. Nh5 {[%clk 0:01:59]} Ke5 {[%clk 0:01:21]} 66.
Rb5+ {[%clk 0:01:16]} Bd5 {[%clk 0:01:45]} 67. a5 {[%clk 0:01:41]} Ra3 {[%clk
0:01:53]} 68. Ng7 {[%clk 0:01:16]} Kd6 {[%clk 0:01:17]} 69. Ne8+ {[%clk 0:01:02]}
Kc6 {[%clk 0:01:29]} 70. Rb6+ {[%clk 0:01:13]} Kc5 {[%clk 0:01:56]} 71. Ra6
{[%clk 0:00:36]} f5 {[%clk 0:00:51]} 72. Nc7 {[%clk 0:00:37]} Bc4 {[%clk
0:00:55]} 73. Nxe6+ {[%clk 0:00:44]} Kb4 {[%clk 0:00:50]} 74. Rc6 {[%clk
0:00:34]} Rxa5 {[%clk 0:01:06]} 75. Kg3 {[%clk 0:00:42]} Bd5 {[%clk 0:00:57]} 76.
Rb6+ {[%clk 0:00:36]} Kc4 {[%clk 0:01:11]} 77. Ng5 {[%clk 0:00:37]} Be4 {[%clk
0:00:53]} 78. Nxe4 {[%clk 0:00:36]} fxe4 {[%clk 0:01:20]} 79. Kf4 {[%clk
0:01:03]} Ra4 {[%clk 0:01:34]} 80. Rd6 {[%clk 0:00:39]} Kc5 {[%clk 0:01:04]} 81.
Re6 {[%clk 0:00:37]} Kd5 {[%clk 0:00:54]} 82. Re5+ {[%clk 0:01:00]} Kd6 {[%clk
0:01:17]} 83. Rxe4 {[%clk 0:01:24]} Rxe4+ {[%clk 0:01:43]} 84. Kxe4 {[%clk
0:01:49]} 1/2-1/2

[Event "Greek Team Championship"]
[Site "chess24.com"]
[Date "2017.07.04"]
[Round "3"]
[White "Makris, Spyridon-Dionysios"]
[Black "Serpetsidakis, Nikolaos"]
[Result "0-1"]
[Board "9"]
[WhiteElo "1859"]
[WhiteCountry "GRE"]
[WhiteFideId "25801376"]
[WhiteEloChange "-6"]
[BlackElo "2013"]
[BlackCountry "GRE"]
[BlackFideId "4260678"]
[BlackEloChange "6"]

1. d4 {[%clk 1:30:57]} d5 {[%clk 1:30:52]} 2. c4 {[%clk 1:31:24]} c6 {[%clk
1:31:17]} 3. Nf3 {[%clk 1:31:51]} Nf6 {[%clk 1:31:41]} 4. Qc2 {[%clk 1:32:19]}
dxc4 {[%clk 1:32:03]} 5. Qxc4 {[%clk 1:32:47]} Bg4 {[%clk 1:32:25]} 6. Nc3 {[%clk
1:33:09]} Nbd7 {[%clk 1:32:46]} 7. e4 {[%clk 1:33:30]} Bxf3 {[%clk 1:33:07]} 8.
gxf3 {[%clk 1:33:55]} e5 {[%clk 1:33:33]} 9. dxe5 {[%clk 1:34:18]} Nxe5 {[%clk
1:33:56]} 10. Qe2 {[%clk 1:34:44]} Bb4 {[%clk 1:17:10]} 11. Bd2 {[%clk 1:30:50]}
O-O {[%clk 1:16:06]} 12. O-O-O {[%clk 1:30:06]} Qc7 {[%clk 1:12:16]} 13. Rg1
{[%clk 1:20:30]} Ng6 {[%clk 1:09:54]} 14. Qe3 {[%clk 1:16:16]} Bd6 {[%clk
1:08:14]} 15. h4 {[%clk 1:10:01]} Bf4 {[%clk 1:07:10]} 16. Qe2 {[%clk 0:55:01]}
Nxh4 {[%clk 1:06:55]} 17. Kb1 {[%clk 0:48:13]} Rfd8 {[%clk 0:58:39]} 18. Bxf4
{[%clk 0:42:49]} Qxf4 {[%clk 0:57:59]} 19. Rg3 {[%clk 0:43:03]} Ng6 {[%clk
0:56:06]} 20. Qe3 {[%clk 0:39:35]} Rxd1+ {[%clk 0:46:37]} 21. Nxd1 {[%clk
0:39:58]} Rd8 {[%clk 0:46:56]} 22. Qxf4 {[%clk 0:40:03]} Nxf4 {[%clk 0:47:10]}
23. Kc2 {[%clk 0:40:24]} h5 {[%clk 0:46:26]} 24. Ne3 {[%clk 0:40:25]} g6 {[%clk
0:45:34]} 25. Bc4 {[%clk 0:39:49]} b5 {[%clk 0:43:31]} 26. Bb3 {[%clk 0:40:05]}
Kf8 {[%clk 0:43:33]} 27. Ng2 {[%clk 0:38:27]} Ne2 {[%clk 0:39:41]} 28. Rh3 {[%clk
0:38:36]} a5 {[%clk 0:33:27]} 29. a3 {[%clk 0:37:31]} Nd4+ {[%clk 0:33:36]} 30.
Kc3 {[%clk 0:37:57]} Nxb3 {[%clk 0:33:01]} 31. Kxb3 {[%clk 0:38:18]} Rd3+ {[%clk
0:33:25]} 32. Kc2 {[%clk 0:37:52]} Nxe4 {[%clk 0:33:00]} 33. Ne1 {[%clk 0:33:14]}
Rd2+ {[%clk 0:33:07]} 34. Kc1 {[%clk 0:33:41]} Re2 {[%clk 0:33:11]} 0-1

[Event "Greek Team Championship"]
[Site "chess24.com"]
[Date "2017.07.04"]
[Round "3"]
[White "Papidakis, Georgios"]
[Black "Fragkos, Vasileios"]
[Result "1-0"]
[Board "10"]
[WhiteElo "1635"]
[WhiteCountry "GRE"]
[WhiteFideId "4295099"]
[WhiteEloChange "5"]
[BlackElo "1453"]
[BlackCountry "GRE"]
[BlackFideId "25832646"]
[BlackEloChange "-5"]

1. d4 {[%clk 1:30:58]} d5 {[%clk 1:30:54]} 2. Bf4 {[%clk 1:31:25]} c5 {[%clk
1:30:32]} 3. e3 {[%clk 1:31:51]} Nc6 {[%clk 1:30:51]} 4. c3 {[%clk 1:32:07]} Nf6
{[%clk 1:30:55]} 5. Nd2 {[%clk 1:29:25]} Qb6 {[%clk 1:26:12]} 6. Qb3 {[%clk
1:29:22]} c4 {[%clk 1:26:13]} 7. Qc2 {[%clk 1:29:51]} g6 {[%clk 1:25:37]} 8. e4
{[%clk 1:30:06]} Nxe4 {[%clk 1:22:06]} 9. Nxe4 {[%clk 1:30:14]} dxe4 {[%clk
1:22:29]} 10. Bxc4 {[%clk 1:30:39]} Bf5 {[%clk 1:21:48]} 11. Qb3 {[%clk 1:30:55]}
Qxb3 {[%clk 1:21:48]} 12. axb3 {[%clk 1:30:55]} Bg7 {[%clk 1:21:48]} 13. Be3
{[%clk 1:30:55]} a6 {[%clk 1:21:48]} 14. Bd5 {[%clk 1:30:55]} O-O {[%clk
1:21:48]} 15. Bxc6 {[%clk 1:30:55]} bxc6 {[%clk 1:21:48]} 16. b4 {[%clk 1:30:55]}
Be6 {[%clk 1:21:48]} 17. Ne2 {[%clk 1:30:55]} Rfb8 {[%clk 1:21:48]} 18. Bf4
{[%clk 1:30:55]} Rb7 {[%clk 1:21:48]} 19. O-O {[%clk 1:30:55]} Bc4 {[%clk
1:21:48]} 20. Rfe1 {[%clk 1:30:55]} h6 {[%clk 1:21:48]} 21. Ng3 {[%clk 1:30:55]}
f5 {[%clk 1:21:48]} 22. Ra5 {[%clk 1:30:55]} Kf7 {[%clk 1:21:48]} 23. Rea1 {[%clk
1:30:55]} Rba7 {[%clk 1:21:48]} 24. Rc5 {[%clk 1:30:55]} Bb5 {[%clk 1:21:48]} 25.
Be5 {[%clk 1:30:55]} Bxe5 {[%clk 1:21:48]} 26. dxe5 {[%clk 1:30:55]} a5 {[%clk
1:21:48]} 27. c4 {[%clk 1:30:55]} Ba6 {[%clk 1:21:48]} 28. Rcxa5 {[%clk 1:30:55]}
Ke6 {[%clk 1:21:48]} 29. b5 {[%clk 1:30:55]} cxb5 {[%clk 1:21:48]} 30. cxb5
{[%clk 1:30:55]} Bxb5 {[%clk 1:21:48]} 31. Rxa7 {[%clk 1:30:55]} Rc8 {[%clk
1:21:48]} 32. h3 {[%clk 1:30:55]} Rc2 {[%clk 1:21:48]} 33. Rb7 {[%clk 1:30:55]}
Bd3 {[%clk 1:21:48]} 34. Raa7 {[%clk 1:30:55]} Kxe5 {[%clk 1:21:48]} 35. Rxe7+
{[%clk 1:30:55]} Kf6 {[%clk 1:21:48]} 36. Reb7 {[%clk 1:30:55]} f4 {[%clk
1:21:48]} 37. Rf7+ {[%clk 1:30:55]} Ke5 {[%clk 1:21:48]} 38. Rae7+ {[%clk
1:30:55]} Kd4 {[%clk 1:21:48]} 39. Rd7+ {[%clk 1:30:55]} Ke5 {[%clk 1:21:48]} 40.
Rfe7+ {[%clk 1:30:55]} Kf6 {[%clk 1:21:48]} 41. Nxe4+ {[%clk 1:30:55]} Bxe4
{[%clk 1:21:48]} 42. Rxe4 {[%clk 1:30:55]} Rxb2 {[%clk 1:21:48]} 43. Rxf4+ {[%clk
1:30:55]} Kg5 {[%clk 1:21:48]} 44. g3 {[%clk 1:30:55]} h5 {[%clk 1:21:48]} 45.
h4+ {[%clk 1:30:55]} Kh6 {[%clk 1:21:48]} 46. Rff7 {[%clk 1:30:55]} 1-0